000 01264cam a2200361 4500
001 1000072
005 20150818134608.0
007 hdrafa011baca
007 hdrbfa011baaa
007 hdrbfa011baba
008 910220r19911947nyu ab 000 0 lat d
035 _a(OCoLC)24974822
035 _a(OCoLC)ocm24974822
035 _a(CStRLIN)NYCG91-B12651
035 _a(NNC)1000072
040 _aNNC
_cNNC
050 _aB765.P46.B63 1947
100 0 _aJohn
_bXXI,
_cPope,
_d-1277.
_918628
245 1 0 _aPetri Hispani Summulae logicales
_h[microform],
_cquas e codice manu scripto Reg. Lat. 1205 edidit I. M. Bochénski.
260 _a[Torino],
_bMarietti,
_c[1947].
300 _axxiii, 143 p.
500 _a"Eiusdem editoris opuscula logica": p.[144]
504 _aBibliographical foot-notes.
533 _aMicrofilm.
_bNew York, N.Y. :
_cColumbia University Libraries,
_d1991.
_e1 microfilm reel ; 35 mm.
590 _aMaster negative: 91-80085-1.
590 _aNo. 1 on a reel of 12 titles.
590 _aCopy filmed: Pages 5-6, 9-18, 20, 1, 2 are illegible.
650 0 _aLogic.
_918629
700 1 _aBochenski, Joseph M.,
_d1902-1995,
_eeditor.
_918630
583 _aFilmed ;
_fNEH Project (FWC) ;
_c1991.
942 _2lcc
_cMONOGRAPH
999 _c123064
_d123064